000 00961nam a22002057a 4500
005 20250911174810.0
008 240207b ||||| |||| 00| 0 eng d
082 _aDPer 621.381 In821 April 2022 v. 37 n. 4
100 _aDong, Liyuan.
_eauthor.
_951760
245 _aMultiple adaptive current feedback technique for small-gain stages in adaptively biased low-dropout regulator /
_cLiyuan Dong, Qisheng Zhang, Xiao Zhao, Shuoyang Li, and Lanya Yu.
260 _aNew York ;
_bThe Institute of Electrical and Electronics Engineers, Inc. ,
_cApril 2022.
300 _aVolume 37, pages 4039-4049 :
_billustration ;
_c28 cm.
500 _aIEEE Transaction on Power Electronics, vol. 37, no. 4, pages 4039-4049, April 2022.
700 _aDong, Liyuan.
_eauthor.
_951760
700 _aZhang, Qisheng.
_eauthor.
_951761
700 _aZhao, Xiao.
_eauthor.
_951762
700 _aLi, Shuoyang.
_eauthor.
_951763
700 _aYu, Lanya.
_eauthor.
_951764
942 _2ddc
_cPER
999 _c18981
_d18981